Communes du Brabant Wallon (Belgique) - Statistiques

Statistiques générales
  • Ce quiz a été pris 1 278 fois
  • Le résultat moyen est 18 sur 27
Réponses sur la Carte
Les réponses sont colorées sur une échelle allant du rouge au vert en fonction du pourcentage des utilisateurs qui les ont devinées à leur premier essai. Vous pouvez retrouver ces pourcentages ci-dessous.
 
Statistiques - réponses
Réponse % Correct
Wavre
94%
Ottignies-Louvain-La-Neuve
91%
Waterloo
89%
Braine-L'Alleud
82%
Nivelles
81%
Jodoigne
72%
Tubize
71%
La Hulpe
70%
Lasne
69%
Rixensart
69%
Braine-Le-Château
66%
Genappe
64%
Villers-la-Ville
63%
Court-Saint-Etienne
62%
Mont-Saint-Guibert
61%
Chaumont-Gistoux
59%
Perwez
59%
Grez-Doiceau
58%
Ittre
57%
Rebecq
56%
Beauvechain
54%
Chastre
53%
Incourt
53%
Orp-Jauche
52%
Walhain
52%
Ramillies
48%
Hélécine
47%
Aucun quiz correspondant
Distribution des résultats
% des personnes avec chaque résultat
Percentile par nombre de réponses
Votre historique - résultats
Vous n’avez pas pris ce quiz